Beginning JSP, JSF and Tomcat : Java Web Development
Đã lưu trong:
| Príomhúdar: | |
|---|---|
| Formáid: | Sách |
| Teanga: | Undetermined |
| Foilsithe: |
Apress
2012
|
| Ábhair: | |
| Clibeanna: |
Cuir Clib Leis
Gan Chlibeanna, Bí ar an gcéad duine leis an taifead seo a chlibeáil!
|
| Thư viện lưu trữ: | Trung tâm Thư viện - Trường Đại học Công nghiệp TP. Hồ Chí Minh |
|---|
| LEADER | 00532nam a2200157Ia 4500 | ||
|---|---|---|---|
| 001 | UIH_02474 | ||
| 008 | 231011s9999 xx 000 0 und d | ||
| 082 | |a 006.78 | ||
| 100 | |a Zambon, Giulio | ||
| 245 | 0 | |a Beginning JSP, JSF and Tomcat : Java Web Development | |
| 245 | 0 | |c Zambon, Giulio | |
| 260 | |b Apress | ||
| 260 | |c 2012 | ||
| 650 | |a Java (Ngôn ngữ chương trình máy tính); Web sites; | ||
| 927 | |a Sách | ||
| 980 | |a Trung tâm Thư viện - Trường Đại học Công nghiệp TP. Hồ Chí Minh | ||